| 000 | 00555nam a22001817a 4500 | ||
|---|---|---|---|
| 003 | CEME | ||
| 005 | 20210628203424.0 | ||
| 008 | 210114b xxu||||| |||| 00| 0 eng d | ||
| 020 | _a1-4018-2419-6 | ||
| 040 | _c. | ||
| 082 | _a741.58 HED | ||
| 100 |
_aHedgpeth, Kevin, Missal, Stephen _965341 |
||
| 245 | _aExploring drawing for animation, the art and techniques of drawing for 2d animation | ||
| 260 |
_aUSA _bTHOMAS _c2004 |
||
| 300 | _aXVII,238P | ||
| 650 |
_aDRAWING FOR ANIMATION.TECHNIQUES OF DRAWING FOR 2D ANIMATION _965342 |
||
| 942 |
_cBK _2ddc |
||
| 999 |
_c573586 _d573586 |
||